000 00877cam a22002893a 4500
001 1941
003 PGUSA
005 20140828083008.0
008 991001s1999||||xxu|||||s|||||000 1 eng d
040 _aPGUSA
_beng
042 _adc
050 4 _aPQ
100 1 _aBalzac, Honoré de,
_d1799-1850
245 1 0 _aLetters of Two Brides
_h[electronic resource] /
_cHonoré de Balzac
260 _bProject Gutenberg,
_c1999
500 _aTranslation of: Mémoires de deux jeunes mariées
506 _aPublic domain in the USA.
516 _aElectronic text
653 _aEpistolary fiction
653 _aMarried women -- Fiction
653 _aMan-woman relationships -- Fiction
653 _aFrench fiction -- Translations into English
700 1 _aScott, R. S.
830 0 _aProject Gutenberg
_v1941
856 4 0 _uhttp://www.gutenberg.org/ebooks/1941
942 _cEB
999 _c231283
_d231283